Basic Complex Analysis (Record no. 2608)

MARC details
000 -LEADER
fixed length control field 01051cam a2200289 a 4500
001 - CONTROL NUMBER
control field 2144069
003 - CONTROL NUMBER IDENTIFIER
control field OSt
005 - DATE AND TIME OF LATEST TRANSACTION
control field 20191016095317.0
008 - FIXED-LENGTH DATA ELEMENTS--GENERAL INFORMATION
fixed length control field 980817s1999 nyua b 001 0 eng
010 ## - LIBRARY OF CONGRESS CONTROL NUMBER
LC control number 98041459
020 ## - INTERNATIONAL STANDARD BOOK NUMBER
International Standard Book Number 071672877X
040 ## - CATALOGING SOURCE
Original cataloging agency DLC
Transcribing agency DLC
Modifying agency DLC
050 00 - LIBRARY OF CONGRESS CALL NUMBER
Classification number QA331.7
Item number .M36 1999
082 00 - DEWEY DECIMAL CLASSIFICATION NUMBER
Classification number 515
Edition number 21
Item number MAR 1999
100 1# - MAIN ENTRY--PERSONAL NAME
Personal name Marsden, Jerrold E.; Hoffman, Michael J.
9 (RLIN) 3327
245 10 - TITLE STATEMENT
Title Basic Complex Analysis
250 ## - EDITION STATEMENT
Edition statement 3rd ed.
260 ## - PUBLICATION, DISTRIBUTION, ETC. (IMPRINT)
Place of publication, distribution, etc. New York :
Name of publisher, distributor, etc. W.H. Freeman,
Date of publication, distribution, etc. 1999.
300 ## - PHYSICAL DESCRIPTION
Extent viii, 516 p. :
Other physical details ill. ;
Dimensions 25 cm.
504 ## - BIBLIOGRAPHY, ETC. NOTE
Bibliography, etc Includes bibliographical references and index.
650 #0 - SUBJECT ADDED ENTRY--TOPICAL TERM
Topical term or geographic name as entry element Complex analysis
9 (RLIN) 1060
856 42 - ELECTRONIC LOCATION AND ACCESS
Materials specified Publisher description
Uniform Resource Identifier http://www.loc.gov/catdir/enhancements/fy0912/98041459-d.html
856 41 - ELECTRONIC LOCATION AND ACCESS
Materials specified Table of contents only
Uniform Resource Identifier http://www.loc.gov/catdir/enhancements/fy0912/98041459-t.html
906 ## - LOCAL DATA ELEMENT F, LDF (RLIN)
a 7
b cbc
c orignew
d 1
e ocip
f 19
g y-gencatlg
942 ## - ADDED ENTRY ELEMENTS (KOHA)
Source of classification or shelving scheme Dewey Decimal Classification
Koha item type Short Loan
Holdings
Withdrawn status Lost status Source of classification or shelving scheme Damaged status Not for loan Home library Current library Date acquired Source of acquisition Inventory number Total Checkouts Full call number Barcode Date last seen Koha item type Price effective from
    Dewey Decimal Classification     MUST Main Library MUST Main Library 18/11/2015 Purchase 02/17446   515 MAR 1999 2015-2671 18/11/2015 Short Loan  
    Dewey Decimal Classification     MUST Main Library MUST Main Library 18/11/2015 Purchase 02/17444   515 MAR 1999 2015-2672 18/11/2015 Short Loan  
    Dewey Decimal Classification     MUST Main Library MUST Main Library 18/11/2019 Purchase 07/29163   515 MAR 1999 2019-0626 18/11/2019 Open Shelf  
    Dewey Decimal Classification     MUST Main Library MUST Main Library 03/03/2020 Purchase 2002/17445   515 MAR 1999 2020-0634 03/03/2020 Open Shelf 03/03/2020